000 00353 a2200157 4500
001 57034
020 _a8508089597
040 _cAnchieta - Pituba
100 _aMachado, Ana Maria
240 1 0 _aTudo ao mesmo tempo agora
_lpor
245 1 0 _aTudo ao mesmo tempo agora
300 _a154
362 0 _a2004
650 4 _aLiteratura juvenil
942 _cBK
999 _c57034
_d57034